000 00701nam a2200217 a 4500
005 20240420063827.0
008 991125m19931999es 000 0 spa u
020 _a848525287X
035 _aUPN01000018680
049 _aLT
050 4 _aLC4001
_bR44 no.31 LE
100 1 _aGosálbez Celdrán, Alfredo
_930752
245 1 0 _aEjercicios de atención concentración y memorización :
_bnivel segunda etapa de E.G.B. /
_cAlfredo Gosálbez Celdrán.
260 _aMadrid :
_bCEPE,
_c1993 (1999 impr).
300 _a87 p. :
_bil.
440 0 _aCuadernos de recuperación ;
_v31
650 2 _aComprensión
_97541
650 4 _aEducación especial
_93029
650 4 _aMEMORIZACION
_921706
905 _aLibro
999 _c18680
_d18680